000 00582nam a22001937a 4500
003 BD-DhJNU
005 20250901034438.0
008 250901b |||||||| |||| 00| 0 eng d
020 _a9840510290
040 _aBD-DhJNU
_bENG
_cBD-DhJNU
_dBD-DhJNU
082 _223
_a320.954
100 _aJahan, Rounaq
245 _aBangladesh politics:
_bproblems and issues/
_cRounaq Jahan
260 _aDhaka :
_bThe University Press Limited,
_c2005.
300 _axv, 307 p. :
_bill. ;
_c22 cm.
504 _aincludes index
650 _aBangladesh-Politics and Government
942 _2ddc
_cBK
_n0
999 _c2056
_d2056